001550000a2200061000450024500430000030000340004377300160007710aManteniendo la fertilidad de la tierra aNúm 7 (1991), Páginas 6-70 tPaso a paso